000
00301nam a2200133Ia 4500
008
200103s9999||||xx |||||||||||||| ||und||
040
_a
IMU-MPC
082
_a
Column-63
100
_a
McCormack, Mark H.
245
4
_a
The 110% Solution
260
_b
Rupa Company
_c
1993
300
_a
203
942
_c
BK
999
_c
11241
_d
11241